书目信息 |
| 题名: |
变态的海洋
|
|
| 作者: | 李宗品 , 于占国 编著 | |
| 分册: | ||
| 出版信息: | 北京 海洋出版社 2007.01 |
|
| 页数: | 124页 | |
| 开本: | 23cm | |
| 丛书名: | 海洋灾害科普丛书 | |
| 单 册: | ||
| 中图分类: | X55-49 | |
| 科图分类: | ||
| 主题词: | 赤潮--chi chao--普及读物 | |
| 电子资源: | ||
| ISBN: | 7-5027-6727-4 | |
| 000 | 00953nam 2200277 450 | |
| 001 | 012007797531 | |
| 005 | 20071228160408.46 | |
| 010 | @a7-5027-6727-4@dCNY15.00 | |
| 100 | @a20071228d2007 km y0chiy0120 ea | |
| 101 | 0 | @achi |
| 102 | @aCN@b110000 | |
| 105 | @aa z 000yy | |
| 106 | @ar | |
| 200 | 1 | @a变态的海洋@Abian tai de hai yang@e赤潮@f李宗品, 于占国编著@Fli zong pin,yu zhan guo bian zhu |
| 210 | @a北京@c海洋出版社@d2007.01 | |
| 215 | @a124页@c图@d23cm | |
| 225 | 2 | @a海洋灾害科普丛书@Ahai yang zai hai ke pu cong shu |
| 330 | @a赤潮是遍及全球的海洋灾害。赤潮不仅破坏了海洋生态环境,损害了海洋渔业资源,造成大量的鱼、虾、蟹、贝类等海洋生物的死亡。 | |
| 410 | 0 | @12001 @a海洋灾害科普丛书 |
| 517 | 1 | @a赤潮@Achi chao |
| 606 | 0 | @a赤潮@Achi chao@j普及读物 |
| 690 | @aX55-49@v4 | |
| 701 | 0 | @a李宗品@Ali zong pin@4编著 |
| 701 | 0 | @a于占国@Ayu zhan guo@4编著 |
| 801 | 0 | @aCN@bQSSK@c20071228 |
| 905 | @b273895-97@dX55-49@eL344@f3 | |
| 变态的海洋:赤潮/李宗品, 于占国编著.-北京:海洋出版社,2007.01 |
| 124页:图;23cm.-(海洋灾害科普丛书) |
| ISBN 7-5027-6727-4:CNY15.00 |
| 赤潮是遍及全球的海洋灾害。赤潮不仅破坏了海洋生态环境,损害了海洋渔业资源,造成大量的鱼、虾、蟹、贝类等海洋生物的死亡。 |
| ● |
| 相关链接 |
|
|
|
正题名:变态的海洋
索取号:X55-49/L344
 
预约/预借
| 序号 | 登录号 | 条形码 | 馆藏地/架位号 | 状态 | 备注 |
| 1 | 273895 | 202738957 | 自科二线504/501自科库 102排2列1层/ [索取号:X55-49/L344] | 在馆 | |
| 2 | 273896 | 202738966 | 自科库501/501自科库 102排2列1层/ [索取号:X55-49/L344] | 在馆 | |
| 3 | 273897 | 202738975 | 自科库501/501自科库 102排2列1层/ [索取号:X55-49/L344] | 在馆 |